Nouveau manuel complet d'escrime ou Traité de l'art de faire des armes / (Record no. 156865)

MARC details
000 -LEADER
campo de control de longitud fija 00794nam a22002175i 4500
001 - NÚMERO DE CONTROL
campo de control 156865
003 - IDENTIFICADOR DE NÚMERO DE CONTROL
campo de control ES-MaACL
005 - FECHA Y HORA DE LA ÚLTIMA TRANSACCIÓN
campo de control 20250801204215.0
008 - DATOS DE LONGITUD FIJA--INFORMACIÓN GENERAL
campo de control de longitud fija 040805s1838 fr a |||| | fre d
040 ## - FUENTE DE CATALOGACIÓN
Centro catalogador/agencia de origen CAM
Lengua de catalogación spa
Centro/agencia transcriptor CAM
100 1# - ENTRADA PRINCIPAL--NOMBRE DE PERSONA
Nombre de persona Lafaugère, Louis Justin.
9 (RLIN) 128575
245 10 - MENCIÓN DEL TÍTULO
Título Nouveau manuel complet d'escrime ou Traité de l'art de faire des armes /
Mención de responsabilidad, etc. par L\ps\s - J\pn\s Lafaugère.
250 ## - MENCION DE EDICION
Mención de edición Nouvelle éd.
260 ## - PUBLICACIÓN, DISTRIBUCIÓN, ETC.
Lugar de publicación, distribución, etc. Paris :
Nombre del editor, distribuidor, etc. Librairie encyclopédique de Roret,
Fecha de publicación, distribución, etc. 1838.
300 ## - DESCRIPCIÓN FÍSICA
Extensión [6], VII, 280 p., 4 h. de lám. ;
Dimensiones 15 cm.
490 1# - MENCIÓN DE SERIE
Mención de serie Manuels-Roret
650 #7 - PUNTO DE ACCESO ADICIONAL DE MATERIA--TÉRMINO DE MATERIA
Término de materia o nombre geográfico como elemento de entrada Esgrima
Fuente del encabezamiento o término embne
9 (RLIN) 12459
830 0# - PUNTO DE ACCESO ADICIONAL DE SERIE-TÍTULO UNIFORME
Título uniforme Manuels-Roret
9 (RLIN) 182241
852 ## - LOCALIZACIÓN
Ubicación ES-MaACL
Número de control de estantería R-1775
Nota libre -- Enc. pasta española
-- -- Legado de M. de la Fuente. Olim: d-3984
Holdings
Estatus retirado Estado de pérdida Estado de daño No para préstamo Colección Biblioteca de origen Biblioteca actual Ubicación en estantería Fecha de adquisición Fuente de adquisición Total de préstamos Signatura topográfica completa Código de barras Visto por última vez Precio de reemplazo Tipo de ítem Koha
        Libros del s. XIX Biblioteca del Ateneo de Madrid Biblioteca del Ateneo de Madrid Depósito 17/01/2008     R-1775 1164120 23/02/2023 23/02/2023 Libro impreso antiguo